MotoGP - Tous les pilotes Aprilia (2015-2026) - Statistiques

Statistiques générales
  • Ce quiz a été pris 27 fois
  • Le résultat moyen est 21 sur 33
Statistiques - réponses
Année Équipe Pilote % Correct
2017 Aprilia Racing Team Gresini Aleix Espargaro
96%
2018 Aprilia Racing Team Gresini Aleix Espargaro
96%
2019 Aprilia Racing Team Gresini Aleix Espargaro
96%
2020 Aprilia Racing Team Gresini Aleix Espargaro
96%
2021 Aprilia Racing Team Gresini Aleix Espargaro
96%
2022 Aprilia Racing Aleix Espargaro
96%
2023 Aprilia Racing Aleix Espargaro
96%
2024 Aprilia Racing Aleix Espargaro
96%
2025 Aprilia Racing Jorge Martin
96%
2025 Aprilia Racing Marco Bezzecchi
96%
2026 Aprilia Racing Marco Bezzecchi
96%
2021 Aprilia Racing Team Gresini Maverick Vinales
87%
2022 Aprilia Racing Maverick Vinales
87%
2023 Aprilia Racing Maverick Vinales
87%
2024 Aprilia Racing Maverick Vinales
87%
2020 Aprilia Racing Team Gresini Lorenzo Savadori
65%
2021 Aprilia Racing Team Gresini Lorenzo Savadori
65%
2022 Aprilia Racing Lorenzo Savadori
65%
2023 Aprilia Racing Lorenzo Savadori
65%
2024 Aprilia Racing Lorenzo Savadori
65%
2025 Aprilia Racing Lorenzo Savadori
65%
2026 Aprilia Racing Jorge Martin
61%
2019 Aprilia Racing Team Bradley Smith
35%
2020 Aprilia Racing Team Gresini Bradley Smith
35%
2015 Aprilia Racing Team Gresini Alvaro Bautista
26%
2016 Aprilia Racing Team Gresini Alvaro Bautista
26%
2017 Aprilia Racing Team Gresini Sam Lowes
26%
2015 Aprilia Racing Team Gresini Stefan Bradl
26%
2016 Aprilia Racing Team Gresini Stefan Bradl
26%
2015 Aprilia Racing Team Gresini Marco Melandri
22%
2018 Aprilia Racing Team Gresini Scott Redding
22%
2019 Aprilia Racing Team Gresini Scott Redding
22%
2015 Aprilia Racing Team Gresini Michael Laverty
4%
Aucun quiz correspondant
Distribution des résultats
% des personnes avec chaque résultat
Percentile par nombre de réponses
Votre historique - résultats
Vous n’avez pas pris ce quiz